Vite et bien 1 : méthode rapide pour adultes
Αποθηκεύτηκε σε:
| Κύριος συγγραφέας: | |
|---|---|
| Μορφή: | Βιβλίο |
| Γλώσσα: | French |
| Δημοσίευση: |
[Paris] :
CLE International,
c2009.
|
| Θέματα: | |
| Ετικέτες: |
Προσθήκη ετικέτας
Δεν υπάρχουν, Καταχωρήστε ετικέτα πρώτοι!
|
MARC
| LEADER | 00000cam a2200000 i 4500 | ||
|---|---|---|---|
| 001 | 1/65647 | ||
| 008 | 150202s2009 fr | ||| |||| ||fre|| | ||
| 020 | |a 9782090352726 | ||
| 035 | |l 10120833 | ||
| 040 | |a GR-MyUa |b gre |e AACR2 | ||
| 041 | 0 | |a fre | |
| 082 | 7 | |a 448.24 |2 (23) | |
| 100 | 1 | |a Leroy-Miquel, Claire. | |
| 245 | 1 | 0 | |a Vite et bien 1 : |b méthode rapide pour adultes / |c Claire Miquel. |
| 260 | |a [Paris] : |b CLE International, |c c2009. | ||
| 300 | |a 192 σ. : |b εικ. ; |c 29 εκ. + |e 1 δίσκος cd (4 3/4 ίν.) | ||
| 500 | |a Περιλαμβάνει ευρετήριο. | ||
| 650 | 0 | |a French language |x Textbooks for foreign speakers. | |
| 650 | 0 | |a French language |x Grammar. | |
| 852 | |a INST |b SYROS |c EUDOXUS |e 20150202 |h 448.24 LER |p 005500012179 |q 005500012179 |t EDX |y 0 | ||
| 852 | |a INST |b SYROS |c EUDOXUS |e 20150202 |h 448.24 LER |p 005500012178 |q 005500012178 |t EDX |y 0 | ||
| 901 | |a BIBL5-2015-1 | ||
| 920 | |a Εύδοξος |b Παραγγελία |y Σύρος-ΤΜΣΠΣ |z 2015-01 | ||
| 970 | |a Κοντού |b Παρασκευή |z 2015/02/02 | ||